Executive decision making: concepts and practices (Record no. 348047)

000 -LEADER
fixed length control field 00389cam a22001337a 4500
008 - FIXED-LENGTH DATA ELEMENTS--GENERAL INFORMATION
fixed length control field 180718b1985 xxu||||| |||| 00| 0 eng d
082 ## - DEWEY DECIMAL CLASSIFICATION NUMBER
Classification number I52 K527e
100 ## - MAIN ENTRY--PERSONAL NAME
Personal name Khanna, K.K.
245 ## - TITLE STATEMENT
Title Executive decision making: concepts and practices
Statement of responsibility, etc. by K.K. Khanna and Sandhya Tandan
260 ## - PUBLICATION, DISTRIBUTION, ETC.
Place of publication, distribution, etc. Delhi
Name of publisher, distributor, etc. National
Date of publication, distribution, etc. 1985
300 ## - PHYSICAL DESCRIPTION
Extent 137p.
650 ## - SUBJECT ADDED ENTRY--TOPICAL TERM
Topical term or geographic name entry element Decision making
700 ## - ADDED ENTRY--PERSONAL NAME
Personal name Tandan, Sandhya
Holdings
Withdrawn status Lost status Damaged status Not for loan Permanent Location Current Location Date acquired Full call number Barcode Date last seen Price effective from Koha item type
        Indian Institute of Public Administration Indian Institute of Public Administration 1993-10-21 I52 K527e 60930 2018-07-21 2018-07-21 Book

Powered by Koha